| Tag |
First Indicator |
Second Indicator |
Subfields |
| LEADER |
00000cas a2200000 4500 |
| 001 |
in00000029371 |
| 005 |
20151007061505.0 |
| 008 |
800630c1uuu9999wyuuu 0uuua0eng d |
| 035 |
|
|
|a (OCoLC)06469700
|
| 035 |
|
|
|9 AAD2239AM
|
| 040 |
|
|
|a TXA
|c TXA
|d UtOrBLW
|
| 049 |
|
|
|a TXAE
|
| 092 |
|
|
|a 557
|b W994p
|
| 110 |
2 |
|
|a Wyoming Geological Association.
|b Nomenclature Committee.
|
| 245 |
1 |
0 |
|a [Penetration charts].
|
| 264 |
|
1 |
|a [Casper, Wyo.?]
|b [publisher not identified] ;
|
| 300 |
|
|
|a volumes :
|b graphs.
|
| 336 |
|
|
|a text
|b txt
|2 rdacontent
|
| 337 |
|
|
|a unmediated
|b n
|2 rdamedia
|
| 338 |
|
|
|a volume
|b nc
|2 rdacarrier
|
| 500 |
|
|
|a Information obtained from records of the Conservation Division of U.S. Geological Survey; State of Wyoming; oil companies; and other sources believed to be reliable.
|
| 650 |
|
0 |
|a Geology
|z Wyoming.
|
| 999 |
|
|
|a MARS
|
| 999 |
f |
f |
|s 9ba86403-3b2d-37c4-8beb-78352441003e
|i 6098a8ff-4cc2-3351-b976-4386a041fa4d
|t 0
|
| 952 |
f |
f |
|p serial
|a Texas A&M University
|b College Station
|c Sterling C. Evans Library
|d Evans: Library Stacks
|t 0
|e 557 W994p
|h Dewey Decimal classification
|i unmediated -- volume
|m A14806620198
|
| 998 |
f |
f |
|a 557 W994p
|t 0
|l Evans: Library Stacks
|